[Event "Belgrade Radnicki IM 2nd 03"]
[Site "Belgrade"]
[Date "2024.03.28"]
[Round "9"]
[White "Popchev, Milko"]
[Black "Todorovic, Goran M"]
[Result "1/2-1/2"]
[WhiteElo "2171"]
[BlackElo "2295"]
[PlyCount "20"]
[EventDate "2024.03.21"]
[EventType "tourn"]
[EventRounds "9"]
[EventCountry "SRB"]
[SourceTitle "CB15_2024"]
[SourceDate "2024.04.10"]
[SourceVersion "1"]
[SourceVersionDate "2024.04.10"]
[SourceQuality "1"]

1. Nf3 Nf6 2. g3 d5 3. Bg2 c5 4. 0-0 Nc6 5. d4 e6 6. e3 Be7 7. b3 0-0 8. Bb2 cxd4 9. exd4 b6 10. Nbd2 Bb7 1/2-1/2

[Event "Belgrade Radnicki IM 2nd 03"]
[Site "Belgrade"]
[Date "2024.03.27"]
[Round "8"]
[White "Todorovic, Goran M"]
[Black "Karisik, Nenad"]
[Result "1/2-1/2"]
[WhiteElo "2295"]
[BlackElo "2136"]
[PlyCount "56"]
[EventDate "2024.03.21"]
[EventType "tourn"]
[EventRounds "9"]
[EventCountry "SRB"]
[SourceTitle "CB15_2024"]
[SourceDate "2024.04.10"]
[SourceVersion "1"]
[SourceVersionDate "2024.04.10"]
[SourceQuality "1"]

1. e4 c5 2. Nf3 d6 3. d4 cxd4 4. Nxd4 Nf6 5. Nc3 a6 6. Rg1 e5 7. Nb3 Be6 8. f4 Qb6 9. Rh1 Qc7 10. f5 Bc4 11. Qf3 Nbd7 12. Bd2 b5 13. a3 Nb6 14. Na5 Bxf1 15. Rxf1 h6 16. g4 Rc8 17. h4 b4 18. axb4 d5 19. Nxd5 Nbxd5 20. exd5 e4 21. Qc3 Qxc3 22. bxc3 Nxd5 23. 0-0-0 Be7 24. Rfe1 0-0 25. Rxe4 Bxh4 26. c4 Nf6 27. Rd4 Bf2 28. Rf4 Bb6 1/2-1/2

[Event "Belgrade Radnicki IM 2nd 03"]
[Site "Belgrade"]
[Date "2024.03.24"]
[Round "4"]
[White "Todorovic, Goran M"]
[Black "Khripachenko, Alexander"]
[Result "1/2-1/2"]
[WhiteElo "2295"]
[BlackElo "2296"]
[PlyCount "32"]
[EventDate "2024.03.21"]
[EventType "tourn"]
[EventRounds "9"]
[EventCountry "SRB"]
[SourceTitle "CB15_2024"]
[SourceDate "2024.04.10"]
[SourceVersion "1"]
[SourceVersionDate "2024.04.10"]
[SourceQuality "1"]

1. e4 c5 2. Nf3 e6 3. d4 cxd4 4. Nxd4 Nc6 5. Nc3 Qc7 6. Be3 a6 7. Bd3 Nf6 8. 0-0 Nxd4 9. Bxd4 Bc5 10. Bxc5 Qxc5 11. Na4 Qc7 12. c4 0-0 13. Re1 d6 14. Qd2 Bd7 15. Nc3 Rfd8 16. Rac1 e5 1/2-1/2

[Event "Novi Sad TS GM/IM Mix 189th"]
[Site "Novi Sad"]
[Date "2024.03.04"]
[Round "8"]
[White "Adamovics, Aleksejs"]
[Black "Todorovic, Goran M"]
[Result "1/2-1/2"]
[WhiteElo "2100"]
[BlackElo "2295"]
[PlyCount "64"]
[EventDate "2024.02.29"]
[EventType "swiss"]
[EventRounds "9"]
[EventCountry "SRB"]
[SourceTitle "CB12_2024"]
[SourceDate "2023.10.01"]
[SourceVersion "1"]
[SourceVersionDate "2023.10.01"]
[SourceQuality "1"]

1. c4 e6 2. Nc3 d5 3. cxd5 exd5 4. d4 c6 5. Nf3 Bf5 6. Bf4 Qb6 7. Qd2 Nf6 8. a3 Nbd7 9. e3 Be7 10. Bd3 Bxd3 11. Qxd3 0-0 12. 0-0 a5 13. Ne5 Rfe8 14. h3 Qb3 15. Rfd1 Nxe5 16. dxe5 Nd7 17. Nxd5 Qxd3 18. Nxe7+ Rxe7 19. Rxd3 Nxe5 20. Bxe5 Rxe5 21. Rad1 g6 22. Kf1 Rb5 23. R1d2 Ra6 24. Rd7 Rab6 25. Rc7 Rd5 26. Rxd5 cxd5 27. Rc5 Rxb2 28. Rxa5 b5 29. a4 bxa4 30. Rxa4 Rb5 31. Ke2 Kf8 32. Kf3 Ke7 1/2-1/2

[Event "Novi Sad TS GM/IM Mix 189th"]
[Site "Novi Sad"]
[Date "2024.03.02"]
[Round "4"]
[White "Gagic, Milan A"]
[Black "Todorovic, Goran M"]
[Result "1/2-1/2"]
[WhiteElo "2242"]
[BlackElo "2295"]
[PlyCount "78"]
[EventDate "2024.02.29"]
[EventType "swiss"]
[EventRounds "9"]
[EventCountry "SRB"]
[SourceTitle "CB12_2024"]
[SourceDate "2023.10.01"]
[SourceVersion "1"]
[SourceVersionDate "2023.10.01"]
[SourceQuality "1"]

1. e4 e5 2. Nf3 Nc6 3. Bb5 a6 4. Ba4 Nf6 5. 0-0 Nxe4 6. d4 b5 7. Bb3 d5 8. dxe5 Be6 9. Nbd2 Nc5 10. c3 Be7 11. Bc2 Bg4 12. Re1 0-0 13. Nb3 Ne6 14. Qd3 g6 15. Bh6 Re8 16. Nfd4 Ncxd4 17. cxd4 Bf5 18. Qd2 Bxc2 19. Qxc2 a5 20. Be3 a4 21. Nd2 c5 22. Nf3 c4 23. a3 Qb6 24. h4 b4 25. axb4 Qxb4 26. h5 Qb3 27. Rec1 Reb8 28. hxg6 hxg6 29. Nd2 Qxb2 30. Qxb2 Rxb2 31. Nxc4 dxc4 32. d5 Nd8 33. Rxc4 a3 34. Bc1 Bb4 35. Bxb2 axb2 36. Rf1 Bd2 37. Rc2 Bc1 38. Rcxc1 bxc1Q 39. Rxc1 Ra5 1/2-1/2

[Event "Skopje op"]
[Site "Skopje"]
[Date "2023.12.10"]
[Round "7"]
[White "Todev, Simeon"]
[Black "Todorovic, Goran M"]
[Result "1/2-1/2"]
[WhiteElo "1999"]
[BlackElo "2306"]
[PlyCount "82"]
[EventDate "2023.12.06"]
[EventType "swiss"]
[EventRounds "9"]
[EventCountry "MKD"]
[SourceTitle "CB50_2023"]
[SourceDate "2023.12.13"]
[SourceVersion "1"]
[SourceVersionDate "2023.12.13"]
[SourceQuality "1"]

1. e4 c5 2. Nf3 d6 3. Bb5+ Nc6 4. 0-0 Bd7 5. c3 Nf6 6. Re1 a6 7. Ba4 b5 8. Bc2 Bg4 9. d3 e6 10. h3 Bh5 11. Bf4 Be7 12. Nbd2 0-0 13. Nf1 d5 14. Ng3 Bg6 15. Ne5 Nxe5 16. Bxe5 Qb6 17. Qf3 Rfd8 18. Rad1 a5 19. Bb1 Rac8 20. d4 dxe4 21. Nxe4 Nxe4 22. Bxe4 Bxe4 23. Rxe4 cxd4 24. Rexd4 f6 25. Rd7 Rxd7 26. Rxd7 Kf8 27. Bd4 Qc6 28. Qxc6 Rxc6 29. Ra7 a4 30. Rb7 e5 31. Be3 a3 32. Rxb5 axb2 33. Rxb2 Rxc3 34. Bd2 Ra3 35. Bc1 Kf7 36. Kf1 f5 37. Rb5 Rxa2 38. Rxe5 Ra1 39. Re1 Bb4 40. Bd2 Rxe1+ 41. Kxe1 Bd6 1/2-1/2

[Event "Skopje op"]
[Site "Skopje"]
[Date "2023.12.08"]
[Round "4"]
[White "Todorovic, Goran M"]
[Black "Atis, Hasan"]
[Result "0-1"]
[WhiteElo "2306"]
[BlackElo "2012"]
[PlyCount "106"]
[EventDate "2023.12.06"]
[EventType "swiss"]
[EventRounds "9"]
[EventCountry "MKD"]
[SourceTitle "CB50_2023"]
[SourceDate "2023.12.13"]
[SourceVersion "1"]
[SourceVersionDate "2023.12.13"]
[SourceQuality "1"]

1. e4 c5 2. Nf3 e6 3. d4 cxd4 4. Nxd4 Nc6 5. Nc3 Qc7 6. Be3 a6 7. Be2 Nf6 8. 0-0 Be7 9. f4 d6 10. Qe1 Nxd4 11. Bxd4 b5 12. a3 Bb7 13. Qg3 0-0 14. Kh1 g6 15. f5 e5 16. Be3 d5 17. exd5 Nxd5 18. Nxd5 Bxd5 19. f6 Bd6 20. Rad1 Qc6 21. Rd2 Rad8 22. Kg1 Rfe8 23. Rfd1 Be4 24. Qh4 Bc7 25. Rf1 Rd6 26. Bd3 Bxd3 27. Rxd3 Bb6 28. Bxb6 Qxb6+ 29. Kh1 Ree6 30. Rxd6 Qxd6 31. h3 e4 32. c3 e3 33. Qh6 Qf8 34. Qxf8+ Kxf8 35. Re1 Ke8 36. Kh2 Kd7 37. Kg3 Kc6 38. Kf3 Rxf6+ 39. Kxe3 Re6+ 40. Kd2 Rxe1 41. Kxe1 Kd5 42. Kd2 Ke4 43. b3 f5 44. h4 f4 45. Ke2 h6 46. Kd2 g5 47. hxg5 hxg5 48. a4 bxa4 49. bxa4 a5 50. Ke2 g4 51. Kd2 f3 52. gxf3+ Kxf3 53. c4 g3 0-1

[Event "Belgrade Serbia op"]
[Site "Belgrade"]
[Date "2023.07.18"]
[Round "3"]
[White "Vignesh, B."]
[Black "Todorovic, Goran M"]
[Result "1-0"]
[WhiteElo "2197"]
[BlackElo "2333"]
[PlyCount "93"]
[EventDate "2023.07.16"]
[EventType "swiss"]
[EventRounds "9"]
[EventCountry "SRB"]
[SourceTitle "CBM 215 Extra"]
[Source "ChessBase"]
[SourceDate "2023.09.30"]
[SourceVersion "1"]
[SourceVersionDate "2023.09.30"]
[SourceQuality "1"]

1. e4 c5 2. Nf3 Nc6 3. c3 Nf6 4. e5 Nd5 5. d4 cxd4 6. cxd4 d6 7. exd6 Qxd6 8. Nc3 e6 9. Bd3 Be7 10. 0-0 0-0 11. Re1 Qd8 12. a3 Nf6 13. Be3 b6 14. Qc2 Bb7 15. Rad1 Rc8 16. d5 exd5 17. Bf5 Ra8 18. Bg5 d4 19. Nb5 h6 20. Nfxd4 Qd5 21. Nxc6 Qxc6 22. Qxc6 Bxc6 23. Nd4 hxg5 24. Nxc6 Bd8 25. Re3 g6 26. Bd3 Nd5 27. Ree1 Nf4 28. Be4 Kg7 29. g3 Ne6 30. Bd5 Bf6 31. Bxe6 fxe6 32. b4 a5 33. bxa5 bxa5 34. Rxe6 Bb2 35. a4 Rac8 36. Rdd6 Rf6 37. Rxf6 Bxf6 38. Rd7+ Kf8 39. Nxa5 Rc1+ 40. Kg2 Ra1 41. Nc4 Rxa4 42. Ne3 Be7 43. h3 Bc5 44. Ng4 Ra2 45. Rd5 Be7 46. Ne5 Ra6 47. Nf3 1-0

[Event "Pozarevac Rudar 12th"]
[Site "Pozarevac"]
[Date "2023.04.29"]
[Round "5"]
[White "Stankovic, Boris"]
[Black "Todorovic, Goran M"]
[Result "1/2-1/2"]
[WhiteElo "2203"]
[BlackElo "2358"]
[PlyCount "87"]
[EventDate "2023.04.26"]
[EventType "tourn"]
[EventRounds "9"]
[EventCountry "SRB"]
[EventCategory "2"]
[SourceTitle "CBM 214 Extra"]
[Source "ChessBase"]
[SourceDate "2023.07.31"]
[SourceVersion "1"]
[SourceVersionDate "2023.07.31"]
[SourceQuality "1"]

1. e4 e5 2. Nf3 Nc6 3. d4 exd4 4. Nxd4 Bb4+ 5. c3 Bc5 6. Be3 Bb6 7. Bc4 Nf6 8. Nxc6 bxc6 9. Bxb6 axb6 10. e5 Nd5 11. Bxd5 cxd5 12. Qxd5 Ra5 13. Qd4 Qg5 14. 0-0 Bb7 15. f3 Rxe5 16. Qf2 Re7 17. c4 0-0 18. Nc3 Rfe8 19. Rae1 Kf8 20. Rxe7 Rxe7 21. Qd4 h5 22. b4 Kg8 23. a4 Re6 24. h4 Qe7 25. Rb1 Rd6 26. Qf2 Rg6 27. Nb5 Qf6 28. Nd4 Qf4 29. c5 Bd5 30. cxb6 cxb6 31. a5 bxa5 32. bxa5 Bc4 33. Rb6 Qc1+ 34. Kh2 Qc3 35. Rxg6 fxg6 36. f4 Qxa5 37. Qc2 Qa6 38. Nf3 d5 39. Qc3 Qf6 40. Qe5 d4 41. Qe8+ Qf8 42. Qxf8+ Kxf8 43. Nxd4 Bd5 44. g4 1/2-1/2

[Event "Pozarevac Rudar 12th"]
[Site "Pozarevac"]
[Date "2023.04.29"]
[Round "4"]
[White "Todorovic, Goran M"]
[Black "Itgelt, Khuyagtsogt"]
[Result "0-1"]
[WhiteElo "2358"]
[BlackElo "2241"]
[PlyCount "58"]
[EventDate "2023.04.26"]
[EventType "tourn"]
[EventRounds "9"]
[EventCountry "SRB"]
[EventCategory "2"]
[SourceTitle "CBM 214 Extra"]
[Source "ChessBase"]
[SourceDate "2023.07.31"]
[SourceVersion "1"]
[SourceVersionDate "2023.07.31"]
[SourceQuality "1"]

1. e4 e6 2. d4 d5 3. Nd2 c5 4. exd5 exd5 5. Ngf3 Nc6 6. Bb5 Qe7+ 7. Be2 Qc7 8. 0-0 Nf6 9. dxc5 Bxc5 10. Nb3 Bb6 11. Bg5 Be6 12. Bxf6 gxf6 13. c3 0-0-0 14. Nfd4 Rhg8 15. Bd3 h5 16. Re1 Bh3 17. Bf1 Ne5 18. Re3 Bd7 19. h3 Nc4 20. Re7 Qd6 21. Rxf7 Bc7 22. f4 Qxf4 23. Nf3 Ne5 24. Nxe5 Qe3+ 25. Kh1 Qxe5 26. Kg1 Qh2+ 27. Kf2 Bg3+ 28. Kf3 Bh4 29. Nd4 Rde8 0-1

[Event "Belgrade Radnicki IM 03"]
[Site "Belgrade"]
[Date "2023.04.01"]
[Round "9"]
[White "Todorovic, Goran M"]
[Black "Djokic, Nenad"]
[Result "1/2-1/2"]
[WhiteElo "2358"]
[BlackElo "2246"]
[PlyCount "20"]
[EventDate "2023.03.24"]
[EventType "tourn"]
[EventRounds "9"]
[EventCountry "SRB"]
[SourceTitle "CBM 213 Extra"]
[Source "ChessBase"]
[SourceDate "2023.05.31"]
[SourceVersion "1"]
[SourceVersionDate "2023.05.31"]
[SourceQuality "1"]

1. e4 e5 2. Nf3 Nc6 3. Bb5 a6 4. Ba4 Nf6 5. 0-0 Be7 6. Re1 b5 7. Bb3 d6 8. c3 0-0 9. h3 Nb8 10. d4 Nbd7 1/2-1/2

[Event "Belgrade Radnicki IM 03"]
[Site "Belgrade"]
[Date "2023.03.28"]
[Round "5"]
[White "Todorovic, Goran M"]
[Black "Petrukhina, Olga"]
[Result "1-0"]
[WhiteElo "2358"]
[BlackElo "2084"]
[PlyCount "93"]
[EventDate "2023.03.24"]
[EventType "tourn"]
[EventRounds "9"]
[EventCountry "SRB"]
[SourceTitle "CBM 213 Extra"]
[Source "ChessBase"]
[SourceDate "2023.05.31"]
[SourceVersion "1"]
[SourceVersionDate "2023.05.31"]
[SourceQuality "1"]

1. e4 e6 2. d4 d5 3. Nd2 c5 4. Ngf3 cxd4 5. Nxd4 Nf6 6. e5 Nfd7 7. N2f3 Nc6 8. Bf4 Be7 9. h4 Qb6 10. c3 Nc5 11. Qc2 Bd7 12. Rh3 Ne4 13. Bd3 f5 14. Kf1 0-0 15. Re1 Bc5 16. Kg1 Rac8 17. Qb3 Nxd4 18. Nxd4 Bxd4 19. cxd4 Qxd4 20. Be3 Qxe5 21. Bxa7 Qc7 22. Bb6 Qd6 23. Rd1 Qc6 24. Bd4 Qa4 25. Qxa4 Bxa4 26. b3 Bd7 27. Re3 Nc3 28. Ra1 Ne4 29. f3 Nf6 30. a4 Kf7 31. a5 Ra8 32. b4 Rfc8 33. Rae1 Ng8 34. g4 f4 35. R3e2 Ne7 36. h5 Nc6 37. Bc5 g6 38. Rh2 Kg7 39. Bd6 g5 40. h6+ Kf6 41. Bxh7 Kf7 42. Bd3 e5 43. h7 Re8 44. Kf2 Re6 45. b5 Nd4 46. Bxe5 Rxe5 47. Rxe5 1-0

[Event "Belgrade Radnicki IM 03"]
[Site "Belgrade"]
[Date "2023.03.26"]
[Round "3"]
[White "Todorovic, Goran M"]
[Black "Durak, Can"]
[Result "1/2-1/2"]
[WhiteElo "2358"]
[BlackElo "2308"]
[PlyCount "56"]
[EventDate "2023.03.24"]
[EventType "tourn"]
[EventRounds "9"]
[EventCountry "SRB"]
[SourceTitle "CBM 213 Extra"]
[Source "ChessBase"]
[SourceDate "2023.05.31"]
[SourceVersion "1"]
[SourceVersionDate "2023.05.31"]
[SourceQuality "1"]

1. e4 e5 2. Nf3 Nc6 3. Bb5 a6 4. Ba4 Nf6 5. Nc3 b5 6. Bb3 Bc5 7. 0-0 d6 8. Nd5 h6 9. c3 Rb8 10. d4 Ba7 11. a4 b4 12. dxe5 dxe5 13. Nxb4 Qxd1 14. Rxd1 Nxb4 15. Nxe5 0-0 16. cxb4 Rxb4 17. Bc2 Bb7 18. Nd7 Nxd7 19. Rxd7 Rc8 20. b3 Bxe4 21. Bd2 Rd4 22. Rxd4 Bxd4 23. Rc1 Bxc2 24. Rxc2 Rb8 25. b4 c5 26. bxc5 Rb1+ 27. Rc1 Rxc1+ 28. Bxc1 Bxc5 1/2-1/2

[Event "Belgrade Radnicki IM 03"]
[Site "Belgrade"]
[Date "2023.03.24"]
[Round "1"]
[White "Todorovic, Goran M"]
[Black "Atalik, Suat"]
[Result "1/2-1/2"]
[WhiteElo "2358"]
[BlackElo "2441"]
[PlyCount "21"]
[EventDate "2023.03.24"]
[EventType "tourn"]
[EventRounds "9"]
[EventCountry "SRB"]
[SourceTitle "CBM 213 Extra"]
[Source "ChessBase"]
[SourceDate "2023.05.31"]
[SourceVersion "1"]
[SourceVersionDate "2023.05.31"]
[SourceQuality "1"]

1. e4 e5 2. Nf3 Nc6 3. Bb5 a6 4. Ba4 Nf6 5. 0-0 Be7 6. Nc3 d6 7. Bxc6+ bxc6 8. d4 exd4 9. Qxd4 0-0 10. Re1 Rb8 11. Rb1 1/2-1/2

[Event "Belgrade Gligoric 100 Ann op"]
[Site "Belgrade"]
[Date "2023.02.05"]
[Round "11"]
[White "Djuric, Stefan"]
[Black "Todorovic, Goran M"]
[Result "1/2-1/2"]
[WhiteElo "2275"]
[BlackElo "2351"]
[PlyCount "71"]
[EventDate "2023.02.05"]
[EventType "swiss (blitz)"]
[EventRounds "11"]
[EventCountry "SRB"]
[SourceTitle "EXT 2024"]
[Source "ChessBase"]
[SourceDate "2023.10.10"]
[SourceVersion "1"]
[SourceVersionDate "2023.10.10"]
[SourceQuality "1"]

1. c4 e6 2. g3 d5 3. Bg2 c5 4. cxd5 exd5 5. Nf3 Nf6 6. d4 Be7 7. 0-0 0-0 8. dxc5 Bxc5 9. Bg5 Nc6 10. Nc3 d4 11. Na4 Be7 12. Rc1 Be6 13. a3 Bd5 14. Nc5 Rb8 15. Bf4 Bd6 16. Nd3 Re8 17. b4 a6 18. Bg5 h6 19. Bxf6 Qxf6 20. Nc5 Bxc5 21. Rxc5 Rbd8 22. Qd2 Be4 23. Ne1 Bxg2 24. Nxg2 Ne5 25. Qf4 Qxf4 26. Nxf4 d3 27. exd3 Nxd3 28. Rc7 Nxf4 29. gxf4 b5 30. Ra7 Rd4 31. Rxa6 Rxf4 32. Ra5 Re5 33. Kg2 Rg5+ 34. Kh1 Rgf5 35. Kg2 Rg5+ 36. Kh1 1/2-1/2

[Event "Belgrade Gligoric 100 Ann op"]
[Site "Belgrade"]
[Date "2023.02.05"]
[Round "3"]
[White "Todorovic, Goran M"]
[Black "Pap, Misa"]
[Result "1-0"]
[WhiteElo "2351"]
[BlackElo "2403"]
[PlyCount "153"]
[EventDate "2023.02.05"]
[EventType "swiss (blitz)"]
[EventRounds "11"]
[EventCountry "SRB"]
[SourceTitle "EXT 2024"]
[Source "ChessBase"]
[SourceDate "2023.10.10"]
[SourceVersion "1"]
[SourceVersionDate "2023.10.10"]
[SourceQuality "1"]

1. e4 c5 2. Nc3 Nc6 3. Bb5 Nd4 4. Nf3 Nxb5 5. Nxb5 d6 6. d4 Nf6 7. Nc3 cxd4 8. Qxd4 e5 9. Qd3 h6 10. 0-0 Be6 11. Rd1 a6 12. Nd2 Qc7 13. a4 Rc8 14. Nf1 Bc4 15. Qf3 Be7 16. Ne3 Be6 17. Nf5 Bxf5 18. Qxf5 0-0 19. Be3 Qc4 20. a5 g6 21. Qf3 Kg7 22. Ra4 Qc6 23. h3 Rfd8 24. Raa1 Qe8 25. Bb6 Rd7 26. Rd3 Rc4 27. Rad1 Qc8 28. Kh1 h5 29. Qe3 Qc6 30. b3 Rb4 31. f3 h4 32. R1d2 Nh5 33. Nd5 Rb5 34. c4 Rxd5 35. Rxd5 Nf4 36. Qc3 Bg5 37. Be3 Qc7 38. Bxf4 Bxf4 39. Rd1 Rd8 40. c5 Rc8 41. Rxd6 Qxc5 42. Qxc5 Rxc5 43. R6d5 Rc3 44. b4 Rb3 45. b5 axb5 46. Rd7 Ra3 47. Rxb7 Rxa5 48. Rb1 Ra2 49. R7xb5 Bg3 50. R5b2 Ra3 51. Kg1 Kh6 52. Kf1 Kg5 53. Ke2 f6 54. Rb3 Ra2+ 55. R3b2 Ra3 56. Rb3 Ra2+ 57. R1b2 Ra1 58. Rb1 Ra2+ 59. R3b2 Ra3 60. Rb8 Ra2+ 61. R1b2 Ra1 62. Rg8 Rg1 63. Kd3 Rd1+ 64. Kc4 Rd4+ 65. Kc5 Rd1 66. Kc6 Bf4 67. Rb7 Rc1+ 68. Kd5 Rd1+ 69. Ke6 Rd2 70. Rbg7 Bg3 71. Rxg6+ Kf4 72. Rxf6+ Ke3 73. Rh6 Rxg2 74. Rxh4 Kxf3 75. Rhg4 Rg1 76. h4 Rg2 77. Rxg3+ 1-0

[Event "Belgrade Radnicki GM 01"]
[Site "Belgrade"]
[Date "2023.02.01"]
[Round "8"]
[White "Todorovic, Goran M"]
[Black "Lu, Miaoyi"]
[Result "1-0"]
[WhiteElo "2346"]
[BlackElo "2399"]
[PlyCount "111"]
[EventDate "2023.01.25"]
[EventType "tourn"]
[EventRounds "9"]
[EventCountry "SRB"]
[EventCategory "6"]
[SourceTitle "CBM 212 Extra"]
[Source "ChessBase"]
[SourceDate "2023.03.31"]
[SourceVersion "1"]
[SourceVersionDate "2023.03.31"]
[SourceQuality "1"]

1. e4 c5 2. Nf3 Nc6 3. d4 cxd4 4. Nxd4 Nf6 5. Nc3 e6 6. Nxc6 bxc6 7. Bd3 d5 8. 0-0 Be7 9. Qf3 Nd7 10. Re1 Ne5 11. Qg3 Nxd3 12. cxd3 d4 13. Ne2 Ba6 14. Qxg7 Bf6 15. Qg3 h5 16. e5 Qa5 17. Bf4 Be7 18. Qf3 Qd5 19. Qxd5 cxd5 20. Red1 Rb8 21. b3 Rc8 22. Nxd4 Rc3 23. Rac1 Rxc1 24. Rxc1 Kd7 25. Rd1 Rc8 26. Kf1 f5 27. Ke2 Rc3 28. Be3 Bb4 29. h4 Be7 30. Nf3 Rc2+ 31. Rd2 Rc1 32. Rb2 Rc3 33. Ne1 Bxh4 34. Bxa7 f4 35. Bd4 Rc1 36. a4 Ra1 37. Nc2 f3+ 38. Kxf3 Rd1 39. Nb4 Bxd3 40. Nxd3 Rxd3+ 41. Be3 Be7 42. Ke2 Rc3 43. Bd2 Rc8 44. b4 Rc4 45. a5 Kc7 46. b5 Bc5 47. b6+ Kb8 48. Rb5 Bd4 49. f4 Ra4 50. b7 Ra2 51. Kd3 Bb2 52. Bb4 Ba3 53. Bd6+ Bxd6 54. exd6 Rxg2 55. a6 Rg8 56. d7 1-0

[Event "Belgrade Radnicki GM 01"]
[Site "Belgrade"]
[Date "2023.01.26"]
[Round "2"]
[White "Bryakin, Mikhail"]
[Black "Todorovic, Goran M"]
[Result "1-0"]
[WhiteElo "2463"]
[BlackElo "2346"]
[PlyCount "85"]
[EventDate "2023.01.25"]
[EventType "tourn"]
[EventRounds "9"]
[EventCountry "SRB"]
[EventCategory "6"]
[SourceTitle "CBM 212 Extra"]
[Source "ChessBase"]
[SourceDate "2023.03.31"]
[SourceVersion "1"]
[SourceVersionDate "2023.03.31"]
[SourceQuality "1"]

1. d4 d5 2. Nf3 Nf6 3. g3 c6 4. Bg2 Bf5 5. Nh4 e6 6. Nxf5 exf5 7. Qd3 g6 8. c4 dxc4 9. Qxc4 Bd6 10. Nc3 Nbd7 11. 0-0 0-0 12. Bg5 Rc8 13. e4 fxe4 14. Nxe4 Be7 15. Nc5 b5 16. Qc2 Nd5 17. Bxe7 Qxe7 18. Rfe1 Qd6 19. Bh3 N5f6 20. Rac1 h5 21. Nxd7 Nxd7 22. Re6 Qxd4 23. Rd1 Qc5 24. Rxg6+ Kh7 25. Qxc5 Nxc5 26. Rg5 Ne6 27. Bxe6 fxe6 28. Rxh5+ Kg6 29. Rc5 Rf5 30. Rdc1 Rxc5 31. Rxc5 Kf6 32. b4 Ke7 33. h4 Kd6 34. f4 a5 35. a3 Ra8 36. h5 axb4 37. axb4 Ra1+ 38. Kg2 Ra2+ 39. Kf3 Rb2 40. Rg5 Ke7 41. Kg4 Kf7 42. h6 Rh2 43. Rh5 1-0

[Event "Belgrade Radnicki GM 01"]
[Site "Belgrade"]
[Date "2023.01.25"]
[Round "1"]
[White "Todorovic, Goran M"]
[Black "Garifullina, Leya"]
[Result "1/2-1/2"]
[WhiteElo "2346"]
[BlackElo "2357"]
[PlyCount "60"]
[EventDate "2023.01.25"]
[EventType "tourn"]
[EventRounds "9"]
[EventCountry "SRB"]
[EventCategory "6"]
[SourceTitle "CBM 212 Extra"]
[Source "ChessBase"]
[SourceDate "2023.03.31"]
[SourceVersion "1"]
[SourceVersionDate "2023.03.31"]
[SourceQuality "1"]

1. e4 c5 2. Nf3 d6 3. d4 cxd4 4. Nxd4 Nf6 5. Nc3 a6 6. Be3 e5 7. Nb3 Be7 8. h3 Be6 9. Qd2 Nbd7 10. g4 b5 11. 0-0-0 0-0 12. Kb1 b4 13. Nd5 Bxd5 14. exd5 a5 15. Bb5 a4 16. Nc1 a3 17. Qxb4 axb2 18. Nb3 Nb6 19. c4 Qc7 20. Rhe1 Rfb8 21. Re2 Na4 22. Bd2 Nd7 23. Na5 Ndc5 24. Nc6 Nd3 25. Qa3 Nac5 26. Ba5 Rxa5 27. Qxa5 Qxa5 28. Nxa5 Bg5 29. Rxb2 Nxb2 30. Kxb2 e4 1/2-1/2

[Event "SRB-chT 1st League CS"]
[Site "Banja Vrujci"]
[Date "2022.10.03"]
[Round "3.2"]
[White "Dizdarevic, Emir"]
[Black "Todorovic, Goran M"]
[Result "1/2-1/2"]
[WhiteElo "2378"]
[BlackElo "2328"]
[PlyCount "26"]
[EventDate "2022.10.01"]
[EventType "team-tourn"]
[EventRounds "11"]
[EventCountry "SRB"]
[SourceTitle "CBM 210 Extra"]
[Source "ChessBase"]
[SourceDate "2022.11.30"]
[SourceVersion "1"]
[SourceVersionDate "2022.11.30"]
[SourceQuality "1"]
[WhiteTeam "Kraljevo Sloga"]
[BlackTeam "Valjevo 2005"]
[WhiteTeamCountry "SRB"]
[BlackTeamCountry "SRB"]

1. Nf3 e6 2. b3 Nf6 3. Bb2 d5 4. c4 c5 5. e3 Nc6 6. cxd5 exd5 7. Be2 Bd6 8. d4 0-0 9. 0-0 Re8 10. dxc5 Bxc5 11. Nc3 a6 12. Rc1 Ba7 13. Na4 Ne4 1/2-1/2

[Event "Belgrade Radnicki"]
[Site "Belgrade"]
[Date "2022.08.04"]
[Round "6"]
[White "Todorovic, Goran M"]
[Black "Yaksin, Oleg"]
[Result "0-1"]
[WhiteElo "2340"]
[BlackElo "2388"]
[PlyCount "90"]
[EventDate "2022.07.31"]
[EventType "tourn"]
[EventRounds "9"]
[EventCountry "SRB"]
[EventCategory "6"]
[SourceTitle "CBM 209 Extra"]
[Source "ChessBase"]
[SourceDate "2022.09.30"]
[SourceVersion "1"]
[SourceVersionDate "2022.09.30"]
[SourceQuality "1"]

1. e4 c5 2. Nf3 d6 3. d4 cxd4 4. Nxd4 Nf6 5. Nc3 Nc6 6. Bg5 e6 7. Qd2 Be7 8. 0-0-0 a6 9. Bxf6 gxf6 10. f4 h5 11. Kb1 Bd7 12. Be2 b5 13. Bf3 Rc8 14. Rhe1 Nxd4 15. Qxd4 Rc4 16. Qd3 Qc7 17. f5 Rc5 18. fxe6 fxe6 19. e5 Rxe5 20. Rxe5 fxe5 21. Qg6+ Kd8 22. Ne4 d5 23. Qg7 Rf8 24. Ng5 e4 25. Nh7 Qf4 26. Nxf8 Bxf8 27. Qd4 Bd6 28. Bxh5 Qxh2 29. g4 Qf4 30. Re1 Be5 31. Qb6+ Ke7 32. Qxa6 Qd2 33. Qa3+ b4 34. Qe3 Qxe3 35. Rxe3 Bf4 36. Re1 Bg5 37. a3 bxa3 38. bxa3 Bb5 39. Kb2 Kf6 40. Kc3 Ke5 41. Rb1 d4+ 42. Kb4 Ba6 43. a4 Be2 44. a5 Bd2+ 45. Ka4 e3 0-1

[Event "SRB-ch Blitz"]
[Site "Paracin"]
[Date "2022.06.05"]
[Round "12"]
[White "Bogosavljevic, Boban"]
[Black "Todorovic, Goran M"]
[Result "0-1"]
[WhiteElo "2522"]
[BlackElo "2340"]
[PlyCount "90"]
[EventDate "2022.06.05"]
[EventType "swiss (blitz)"]
[EventRounds "13"]
[EventCountry "SRB"]
[SourceTitle "CBM 208 Extra"]
[Source "ChessBase"]
[SourceDate "2022.07.31"]
[SourceVersion "1"]
[SourceVersionDate "2022.07.31"]
[SourceQuality "1"]

1. Nf3 d5 2. c4 d4 3. b4 g5 4. h3 h6 5. Bb2 Bg7 6. d3 e5 7. g3 Ne7 8. Bg2 a5 9. b5 c5 10. bxc6 Nexc6 11. 0-0 0-0 12. Ba3 Re8 13. Nbd2 Na6 14. c5 Be6 15. Ne4 Qd7 16. g4 Nab4 17. Qd2 f5 18. Nd6 fxg4 19. hxg4 Bxg4 20. Nxe8 Rxe8 21. Bxb4 axb4 22. Nh2 Be6 23. Rfb1 Rf8 24. a3 b3 25. a4 Qf7 26. Qe1 g4 27. a5 Nb8 28. a6 Nxa6 29. c6 Nb8 30. cxb7 Bd5 31. Bxd5 Qxd5 32. Qb4 Kh7 33. Qxb3 Qd7 34. Ra8 g3 35. Nf3 e4 36. dxe4 Qh3 37. Rxb8 Rxb8 38. e5 Bxe5 39. Qd3+ Kh8 40. Qe4 gxf2+ 41. Kxf2 Bg3+ 42. Kg1 Rg8 43. b8R Bxb8+ 44. Kf2 Bg3+ 45. Kg1 Be1+ 0-1